| 000 | 00850nam a22002657a 4500 | ||
|---|---|---|---|
| 001 | 4075 | ||
| 003 | FISKH | ||
| 005 | 20240605140236.0 | ||
| 008 | 240605b cb ||||| |||| 00| 0 eng d | ||
| 020 | _a9780545102704 | ||
| 040 |
_aFISKH _beng _cFISKH _dFISKH |
||
| 050 | _aPZ7.P3166 | ||
| 082 | _a813.6 | ||
| 100 |
_aPearsall Shelley _d1966- |
||
| 245 |
_aAll of the above / _cShelley Pearsall |
||
| 260 |
_aNew York : _bScholastic, _c2006 |
||
| 300 |
_a234 pages : _c20 cm |
||
| 505 | _aU | ||
| 520 | _aFive urban middle school students, their teacher, and other community members relate how a school project to build the world's largest tetrahedron affects the lives of everyone involved. | ||
| 521 | 8 |
_a950
_bLexile |
|
| 521 | 8 |
_aU
_bRaz-Plus |
|
| 700 | _aShelley Pearsall | ||
| 942 |
_2ddc _cBK _n0 |
||
| 999 |
_c4075 _d4075 |
||